Ariana Grande - Sweetener - Statistics

General Stats
  • This quiz has been taken 39 times
  • The average score is 9 of 15
Answer Stats
2018 Sweetener % Correct
6 sweetener
89%
5 God is a woman
78%
10 no tears left to cry
74%
1 raindrops (an angel cried)
74%
9 breathin
70%
2 blazed (feat. Pharrell Williams)
67%
4 R.E.M
63%
8 everytime
59%
12 better off
56%
15 get well soon
52%
14 pete davidson
52%
3 the light is coming (feat. Nicki Minaj)
52%
13 goodnight n go
44%
7 successfull
44%
11 borderline (feat. Missy Elliott)
41%
No matching quizzes found
Score Distribution
Percent of People with Each Score
Percentile by Number Answered
Your Score History
You have not taken this quiz